000 00568nam a2200181 i 4500
001 141974
003 ES-MaACL
005 20250822190539.0
007 t|
008 071001s1969 mx ||||1| spa d
100 1 _aViramontes, Leonardo S.
_9115429
245 1 0 _aBiografía popular del benemérito de América Benito Juárez /
_cpor Leonardo S. Viramontes.
260 _aMéxico :
_bEd. Nacional,
_c[1969]
300 _aXII, 322 p. ;
_c17 cm.
600 1 4 _aJuárez, Benito,
_d1806-1872
_967156
852 _aES-MaACL
_jE-9658
_bR.94094
999 _c141974
_d141974